Statistiques concernant Combattants de MMA français

Cliquez ici pour prendre le quiz!

Statistiques générales

  • Ce quiz a été pris 228 fois
  • Le résultat moyen est 8 sur 12

Statistiques - réponses

Réponse% Correct
Benoît Saint-Denis
98%
Cédric Doumbe
92%
Cyril Gane
91%
Baki/Baysangur Chamsoudinov
86%
Morgan Charrière
74%
Salahdine Parnasse
74%
Nassourdine Imavov
60%
Fares Ziam
48%
Taylor Lapilus
45%
William Gomis
45%
Abdoul Abdouraguimov
34%
Ramzan Jembiev
34%

Distribution des résultats

Percentile par nombre de réponses

% des personnes avec chaque résultat

Votre développement - résultats

Vous n’avez pas pris ce quiz